Statistiques concernant 7 pays aléatoires sur la carte du monde en 15 secondes

Cliquez ici pour prendre le quiz!

Statistiques générales

  • Ce quiz a été pris 655 fois
  • Le résultat moyen est 4 sur 7

Réponses sur la Carte

Les réponses sont colorées sur une échelle allant du rouge au vert en fonction du pourcentage des utilisateurs qui les ont devinées à leur premier essai. Vous pouvez retrouver ces pourcentages ci-dessous.
 

Statistiques - réponses

pays% Correct
Afrique du Sud
100%
Allemagne
100%
Andorre
100%
Arabie Saoudite
100%
Argentine
100%
Arménie
100%
Australie
100%
Bahamas
100%
Brésil
100%
Burkina Faso
100%
Cabo Verde
100%
Cambodge
100%
Canada
100%
Chili
100%
Chine
100%
Colombie
100%
Congo
100%
Croatie
100%
Cuba
100%
Danemark
100%
Égypte
100%
Émirats arabes unis
100%
Espagne
100%
Etats-Unis
100%
France
100%
Gabon
100%
Ghana
100%
Grèce
100%
Guatemala
100%
Haïti
100%
Inde
100%
Irak
100%
Irlande
100%
Islande
100%
Japon
100%
Kazakhstan
100%
Kiribati
100%
Lettonie
100%
Liberia
100%
Libye
100%
Macédoine du Nord
100%
Maldives
100%
Malte
100%
Mauritanie
100%
Mexique
100%
Mongolie
100%
Nicaragua
100%
Niger
100%
Norvège
100%
Nouvelle-Zélande
100%
Ouganda
100%
Panama
100%
Papouasie-Nouvelle-Guinée
100%
Pays-Bas
100%
Pérou
100%
Portugal
100%
République démocratique du Congo
100%
Roumanie
100%
Serbie
100%
Suriname
100%
Togo
100%
Turquie
100%
Venezuela
100%
Yémen
100%
Mali
75%
Paraguay
75%
Russie
75%
Azerbaïdjan
67%
Comores
67%
Dominique
67%
Guyana
67%
Jamaïque
67%
Laos
67%
Oman
67%
République Centrafricaine
67%
Slovaquie
67%
Somalie
67%
Sri Lanka
67%
Suède
67%
Ukraine
67%
Angola
60%
Malaisie
60%
Albanie
50%
Autriche
50%
Bahreïn
50%
Bolivie
50%
Bosnie-Herzégovine
50%
Bulgarie
50%
Cameroun
50%
Équateur
50%
Estonie
50%
Guinée équatoriale
50%
Honduras
50%
Indonésie
50%
Iran
50%
Italie
50%
Kenya
50%
Kosovo
50%
Lesotho
50%
Liban
50%
Lituanie
50%
Luxembourg
50%
Madagascar
50%
Maroc
50%
Nauru
50%
Palaos
50%
Qatar
50%
Royaume-Uni
50%
Rwanda
50%
Salvador
50%
Singapour
50%
Slovénie
50%
Soudan
50%
Tanzanie
50%
Vatican
50%
Belize
33%
Biélorussie
33%
Brunei
33%
Corée du Nord
33%
Guinée-Bissau
33%
Jordanie
33%
Monaco
33%
Nigeria
33%
Sierra Leone
33%
Tchad
33%
Taïwan
29%
Tchèquie
29%
Birmanie
25%
Turkménistan
25%
Koweït
17%
Afghanistan
0%
Algérie
0%
Antigua-et-Barbuda
0%
Bangladesh
0%
Barbade
0%
Belgique
0%
Bénin
0%
Bhoutan
0%
Botswana
0%
Burundi
0%
Chypre
0%
Corée du Sud
0%
Costa Rica
0%
Côte d'Ivoire
0%
Djibouti
0%
Érythrée
0%
Eswatini
0%
Éthiopie
0%
Fidji
0%
Finlande
0%
Gambie
0%
Géorgie
0%
Grenade
0%
Guinée
0%
Hongrie
0%
Île Maurice
0%
Îles Marshall
0%
Israël
0%
Kirghizistan
0%
Liechtenstein
0%
Malawi
0%
Micronésie
0%
Moldavie
0%
Monténégro
0%
Mozambique
0%
Namibie
0%
Népal
0%
Ouzbékistan
0%
Pakistan
0%
Philippines
0%
Pologne
0%
République dominicaine
0%
Saint-Christophe- et-Niévès
0%
Sainte-Lucie
0%
Saint-Marin
0%
Saint-Vincent-et-les-Grenadines
0%
Salomon
0%
Samoa
0%
Sao Tomé-et-Principe
0%
Sénégal
0%
Seychelles
0%
Soudan du Sud
0%
Suisse
0%
Syrie
0%
Tadjikistan
0%
Thaïlande
0%
Timor-Leste
0%
Tonga
0%
Trinité-et-Tobago
0%
Tunisie
0%
Tuvalu
0%
Uruguay
0%
Vanuatu
0%
Viêt Nam
0%
Zambie
0%
Zimbabwe
0%

Distribution des résultats

Percentile par nombre de réponses

% des personnes avec chaque résultat

Votre développement - résultats

Vous n’avez pas pris ce quiz